[Event "X Festival A"]
[Site "Campobasso ITA"]
[Date "2003.07.12"]
[Round "3"]
[White "Di Lascio, Savino"]
[Black "Passerotti, Pierluigi"]
[Result "0-1"]
[WhiteElo "2117"]
[BlackElo "2287"]
[PlyCount "136"]
[EventDate "2003.07.11"]

1. Nf3 d6 2. g3 f5 3. Bg2 Nf6 4. d3 e5 5. O-O g6 6. c3 Bg7 7. b4 O-O 8. Bb2 Qe8
9. c4 h6 10. Nc3 Nc6 11. a3 Nd8 12. Qc2 Be6 13. Nb5 Qf7 14. Bxe5 dxe5 15. Nxe5
Qe7 16. Nxg6 Qd7 17. Nxf8 Kxf8 18. Rad1 c6 19. Nc3 Rc8 20. Na4 b6 21. c5 b5 22.
Nc3 Qf7 23. Rb1 Nd5 24. Bxd5 Bxd5 25. e4 fxe4 26. Nxe4 Ne6 27. Qe2 Nd4 28. Qg4
Be6 29. Qd1 Bh3 30. f4 Nf5 31. Rf2 Bd4 32. Qd2 Qd5 33. Re1 Re8 34. Qe2 Bxf2+
35. Kxf2 Qd4+ 36. Kf3 h5 37. Qd2 Qd5 38. Qc3 Nd4+ 39. Ke3 Nf5+ 40. Kd2 Qd4 41.
Qxd4 Nxd4 42. Re3 Bg4 43. Kc3 Nf5 44. Re1 Bf3 45. Kd2 a5 46. bxa5 Ra8 47. Ng5
Bd5 48. Re5 Ng7 49. f5 Ne8 50. Ne6+ Kf7 51. Nf4 Nf6 52. Nxd5 Nxd5 53. Re6 Ne7
54. Rh6 Rxa5 55. Rxh5 Rxa3 56. g4 b4 57. Rh7+ Kf8 58. f6 Nd5 59. g5 Ra2+ 60.
Kc1 Rg2 61. h4 b3 62. Rb7 Rc2+ 63. Kd1 Nc3+ 64. Ke1 b2 65. Rb8+ Kf7 66. Rb7+
Kg6 67. h5+ Kxg5 68. f7 Nb5 0-1

[Event "X Festival A"]
[Site "Campobasso ITA"]
[Date "2003.07.12"]
[Round "3"]
[White "Farina, Saverio"]
[Black "Gagliardi, Pietro"]
[Result "0-1"]
[WhiteElo "2123"]
[BlackElo "2194"]
[PlyCount "108"]
[EventDate "2003.07.11"]

1. c4 c5 2. Nf3 Nc6 3. d4 cxd4 4. Nxd4 Nf6 5. Nc3 d6 6. e4 g6 7. Be2 Bg7 8. Be3
O-O 9. O-O Bd7 10. Qd2 a6 11. f4 Nxd4 12. Bxd4 Bc6 13. Bd3 e5 14. Be3 Ng4 15.
f5 Nxe3 16. Qxe3 Bf6 17. Nd5 Bxd5 18. exd5 b6 19. Rf3 g5 20. Rh3 Kg7 21. Rh5 h6
22. Rf1 Rh8 23. Qe2 a5 24. b3 Qc7 25. g4 Qc5+ 26. Kg2 a4 27. h4 axb3 28. axb3
Qd4 29. hxg5 hxg5 30. Rfh1 Rxh5 31. gxh5 Kh6 32. Bb1 Ra3 33. Rh3 Ra1 34. Rd3
Qf4 35. Rd1 Qh4 36. Rh1 Qd4 37. Rd1 Qc3 38. Be4 Rxd1 39. Qxd1 Qe3 40. Qf3 Qd2+
41. Kh3 Qe1 42. Kg2 Qh4 43. Bc2 g4 44. Qe3+ Bg5 45. Qd3 f6 46. b4 Bf4 47. c5
bxc5 48. bxc5 Qh2+ 49. Kf1 g3 50. Qf3 Qxc2 51. cxd6 Qb1+ 52. Kg2 Qb5 53. Qg4
Qxd5+ 54. Kf1 Qf7 0-1

[Event "X Festival A"]
[Site "Campobasso ITA"]
[Date "2003.07.12"]
[Round "3"]
[White "Ficco, Corrado"]
[Black "Stromboli, Carlo"]
[Result "1-0"]
[WhiteElo "2098"]
[BlackElo "1744"]
[PlyCount "139"]
[EventDate "2003.07.11"]

1. c4 b6 2. Nc3 Bb7 3. e4 e6 4. Nf3 Bb4 5. d3 Ne7 6. Bd2 c5 7. Be2 O-O 8. O-O
d5 9. exd5 exd5 10. Bg5 Bxc3 11. bxc3 f6 12. Bf4 Ng6 13. Bxb8 Rxb8 14. cxd5
Bxd5 15. Qa4 Qc7 16. d4 Rfd8 17. Bc4 b5 18. Bxd5+ Rxd5 19. Qb3 c4 20. Qc2 Qd7
21. Rfe1 Re8 22. Rxe8+ Qxe8 23. Re1 Qd7 24. Qe4 Kf7 25. h4 a5 26. a3 Nf8 27. g3
Qe6 28. Qf4 Qd6 29. Qe4 Qe6 30. Qf4 Qd6 31. Ng5+ Kg8 32. Qxd6 Rxd6 33. Ne4 Rb6
34. Nc5 Kf7 35. Kf1 Ne6 36. Rb1 Nc7 37. Ke2 Nd5 38. Kd2 b4 39. axb4 axb4 40.
cxb4 Nxb4 41. Rc1 Rd6 42. Rxc4 Nc6 43. Ke3 Ne7 44. Ke4 f5+ 45. Kd3 h6 46. Nb7
Rd7 47. Na5 f4 48. Nc6 fxg3 49. fxg3 Ke6 50. Nxe7 Rxe7 51. Rc6+ Kf5 52. d5 Ke5
53. Kc4 Rd7 54. Re6+ Kf5 55. Kc5 g5 56. Rxh6 gxh4 57. Rxh4 Ke5 58. Rh5+ Kf6 59.
Rh6+ Ke5 60. Re6+ Kf5 61. Kc6 Ra7 62. Re3 Ra8 63. d6 Rc8+ 64. Kd7 Rc4 65. Kd8
Kf6 66. d7 Kf7 67. Rf3+ Kg7 68. Ke7 Re4+ 69. Kd6 Rd4+ 70. Ke6 1-0

[Event "X Festival A"]
[Site "Campobasso ITA"]
[Date "2003.07.12"]
[Round "3"]
[White "Fioravanti, Emidio"]
[Black "Ciampi, Vincenzo"]
[Result "1/2-1/2"]
[WhiteElo "1813"]
[BlackElo "2120"]
[PlyCount "79"]
[EventDate "2003.07.11"]

1. e4 c5 2. Nf3 e6 3. d4 cxd4 4. Nxd4 a6 5. g3 d5 6. e5 Ne7 7. Bg2 Nbc6 8. Nxc6
Nxc6 9. f4 Bc5 10. c3 h5 11. Nd2 h4 12. Qg4 g6 13. Nf1 Qb6 14. Qe2 Bd7 15. b4
Be7 16. a3 O-O-O 17. Be3 d4 18. cxd4 Nxd4 19. Qc4+ Bc6 20. Rd1 Qb5 21. Rxd4
Rxd4 22. Qxb5 axb5 23. Bxc6 Rd3 24. Bxb5 Rxa3 25. g4 Bxb4+ 26. Kf2 Rd8 27. Be2
Ra1 28. Kf3 Rd5 29. Ng3 Rxh1 30. Nxh1 Ra5 31. Nf2 Bc5 32. Bxc5 Rxc5 33. Ne4 Rc7
34. Nd6+ Kd8 35. Bd3 Ke7 36. g5 Rc3 37. Ke4 Rc1 38. Kf3 Rc3 39. Ke2 Ra3 40. h3
1/2-1/2

[Event "X Festival A"]
[Site "Campobasso ITA"]
[Date "2003.07.12"]
[Round "3"]
[White "Fiore, Tommaso"]
[Black "Ferri, Stefano"]
[Result "0-1"]
[WhiteElo "1747"]
[BlackElo "2069"]
[PlyCount "90"]
[EventDate "2003.07.11"]

1. e4 c6 2. d4 d5 3. Nc3 dxe4 4. Nxe4 Nd7 5. Nf3 Ngf6 6. Nc3 Nb6 7. Bf4 Bg4 8.
Be2 e6 9. O-O Be7 10. h3 Nbd5 11. Nxd5 Nxd5 12. Bd2 Bh5 13. c4 Nb6 14. Ba5 O-O
15. c5 Qd5 16. Bc3 Nd7 17. a4 Rfd8 18. Nd2 Bxe2 19. Qxe2 Bf6 20. Ne4 g6 21.
Rfd1 Bg7 22. b4 b6 23. Nd6 Nf6 24. Rd3 Rd7 25. Bd2 h5 26. Qe5 a5 27. bxa5 bxc5
28. Bf4 Rxa5 29. Qxd5 Nxd5 30. Be5 cxd4 31. Bxg7 Kxg7 32. Nc4 Nf4 33. Rxd4 Rxa4
34. Rxd7 Rxa1+ 35. Kh2 Re1 36. Rc7 c5 37. Rxc5 Nd3 38. Rc7 Rc1 39. Rc8 Nxf2 40.
Nd6 Rd1 41. Ne8+ Kf8 42. Nf6+ Ke7 43. Ng8+ Kd7 44. Rf8 f5 45. Rf6 Rh1+ 0-1

[Event "X Festival A"]
[Site "Campobasso ITA"]
[Date "2003.07.12"]
[Round "3"]
[White "Georgiev, Krum I."]
[Black "Shytaj, Luca"]
[Result "1/2-1/2"]
[WhiteElo "2456"]
[BlackElo "2336"]
[PlyCount "61"]
[EventDate "2003.07.11"]

1. e4 c5 2. Nf3 d6 3. c3 Nf6 4. Be2 Nbd7 5. Qc2 b6 6. d4 Qc7 7. Bd3 cxd4 8.
cxd4 Qxc2 9. Bxc2 Bb7 10. Nc3 Rc8 11. O-O g6 12. Re1 Bg7 13. Bb3 e6 14. Bf4
Rxc3 15. bxc3 Nxe4 16. Ng5 Nxg5 17. Bxg5 h6 18. Bxe6 fxe6 19. Rxe6+ Kf8 20.
Rae1 hxg5 21. Re8+ Kf7 22. R8e7+ Kf6 23. R1e6+ Kf5 24. g4+ Kxg4 25. Rxg7 Nf8
26. Rf6 Bd5 27. f3+ Bxf3 28. Rgf7 Rh3 29. Rxf8 Be4 30. c4 Rc3 31. Rxd6 1/2-1/2

[Event "X Festival A"]
[Site "Campobasso ITA"]
[Date "2003.07.12"]
[Round "3"]
[White "Gerardi, Saverio"]
[Black "Di Martino, Antonio"]
[Result "1-0"]
[WhiteElo "2138"]
[BlackElo "1728"]
[PlyCount "63"]
[EventDate "2003.07.11"]

1. e4 e6 2. d4 d5 3. exd5 exd5 4. Bd3 Bd6 5. Nc3 c6 6. h3 Ne7 7. Nf3 O-O 8. O-O
Bf5 9. Re1 Bxd3 10. Qxd3 Nd7 11. Bg5 Re8 12. Re2 Nf8 13. Rae1 Qd7 14. Ne5 Qf5
15. Bxe7 Qxd3 16. Nxd3 Bxe7 17. Rxe7 Ne6 18. Rxe8+ Rxe8 19. Nc5 Kf8 20. f4 b6
21. Nxe6+ fxe6 22. g4 g6 23. f5 gxf5 24. gxf5 exf5 25. Rxe8+ Kxe8 26. Kf2 Ke7
27. Kf3 Kf6 28. Kf4 c5 29. Nxd5+ Ke6 30. dxc5 Kxd5 31. cxb6 axb6 32. Kxf5 1-0

[Event "X Festival A"]
[Site "Campobasso ITA"]
[Date "2003.07.12"]
[Round "3"]
[White "Gonzini, Gianmaria"]
[Black "Rossi, Aldo A."]
[Result "1/2-1/2"]
[WhiteElo "1726"]
[BlackElo "1839"]
[PlyCount "94"]
[EventDate "2003.07.11"]

1. Nf3 c5 2. b3 Nf6 3. Bb2 e6 4. e3 b6 5. Be2 Bb7 6. O-O Be7 7. d3 O-O 8. Nbd2
d5 9. Ne5 Nfd7 10. f4 Nc6 11. Nxd7 Qxd7 12. e4 d4 13. Qe1 f6 14. Qg3 Qe8 15. h4
f5 16. a4 Rd8 17. Rae1 Rd7 18. h5 Qd8 19. Qh3 Rf7 20. Bd1 Bc8 21. exf5 exf5 22.
Nf3 Bf6 23. Qg3 Rde7 24. Bc1 Rxe1 25. Rxe1 Re7 26. Ne5 Qe8 27. h6 Nxe5 28. fxe5
Rxe5 29. Rxe5 Bxe5 30. Bf4 Bf6 31. hxg7 Qe7 32. Bf3 Bxg7 33. Bh6 Qe5 34. Bd5+
Kf8 35. Bxg7+ Qxg7 36. Qb8 Qd7 37. Bc4 Qe8 38. Kf1 Bd7 39. Qxa7 Qe5 40. Qxd7
Qf4+ 41. Kg1 Qe3+ 42. Kh2 Qh6+ 43. Kg3 Qe3+ 44. Kh2 Qh6+ 45. Kg1 Qe3+ 46. Kf1
Qc1+ 47. Ke2 Qe3+ 1/2-1/2

[Event "X Festival A"]
[Site "Campobasso ITA"]
[Date "2003.07.12"]
[Round "3"]
[White "Lettieri, Giuseppe"]
[Black "Capuano, Eugenio"]
[Result "1/2-1/2"]
[WhiteElo "1894"]
[BlackElo "2143"]
[PlyCount "98"]
[EventDate "2003.07.11"]

1. e4 c5 2. c3 e6 3. Nf3 d5 4. exd5 exd5 5. d4 Nc6 6. Bb5 Bd6 7. O-O Nge7 8.
dxc5 Bxc5 9. Nbd2 O-O 10. Nb3 Bb6 11. Nbd4 Qd6 12. Be3 Bc7 13. Be2 a6 14. Qd2
Re8 15. g3 Ng6 16. Rad1 Bh3 17. Rfe1 Rad8 18. Nb3 Nce5 19. Nxe5 Nxe5 20. Bf4
Bb6 21. Bxe5 Rxe5 22. Bf3 Qf6 23. Bg2 Bxg2 24. Kxg2 Rde8 25. Rxe5 Rxe5 26. Re1
h5 27. h4 g6 28. Re2 Qe6 29. Nc1 Re4 30. Rxe4 dxe4 31. Qe2 Kg7 32. c4 a5 33.
Nb3 a4 34. Nd2 f5 35. b4 axb3 36. Nxb3 Qe5 37. c5 Bc7 38. Qd2 Qe6 39. Qb4 Qd5
40. Qd4+ Qxd4 41. Nxd4 Kf6 42. c6 bxc6 43. Nxc6 Ke6 44. f3 Kd6 45. Nd4 Kd5 46.
Ne2 Kc4 47. fxe4 fxe4 48. Kf2 Kd3 49. a4 Bb6+ 1/2-1/2

[Event "X Festival A"]
[Site "Campobasso ITA"]
[Date "2003.07.12"]
[Round "3"]
[White "Ljubisavljevic, Zivojin Z."]
[Black "Zaja, Ivan"]
[Result "1/2-1/2"]
[WhiteElo "2300"]
[BlackElo "2430"]
[PlyCount "96"]
[EventDate "2003.07.11"]

1. e4 d6 2. d4 Nf6 3. Nc3 g6 4. f4 Bg7 5. Nf3 O-O 6. e5 dxe5 7. fxe5 Nd5 8. Ne4
f5 9. Nc3 c5 10. Bc4 e6 11. Bxd5 exd5 12. Bg5 Qd7 13. dxc5 d4 14. Qxd4 Qxd4 15.
Nxd4 Bxe5 16. O-O-O Nc6 17. Nxc6 bxc6 18. Rhe1 Re8 19. g3 Kf7 20. Re3 Bf6 21.
Bf4 Rxe3 22. Bxe3 Bxc3 23. bxc3 Be6 24. Rd6 Rc8 25. a4 a6 26. h4 Rc7 27. Bf4
Rc8 28. Kb2 h5 29. Ka3 a5 30. c4 Bxc4 31. Bd2 Bd5 32. Bxa5 Re8 33. Rd7+ Re7 34.
Rxe7+ Kxe7 35. Bd2 f4 36. Bxf4 Kd7 37. Kb4 Kc8 38. Kc3 Be4 39. Kb3 Kb7 40. c3
Ka6 41. Bc7 Bf5 42. Kc4 Bc2 43. a5 Kb7 44. Bb6 Be4 45. Kd4 Bg2 46. Ke5 Bf1 47.
Kd6 Bg2 48. c4 Bf3 1/2-1/2

[Event "X Festival A"]
[Site "Campobasso ITA"]
[Date "2003.07.12"]
[Round "3"]
[White "Mishin, Alexei"]
[Black "Zelcic, Robert"]
[Result "0-1"]
[WhiteElo "2341"]
[BlackElo "2543"]
[PlyCount "90"]
[EventDate "2003.07.11"]

1. d4 Nf6 2. Bg5 Ne4 3. Bf4 c5 4. f3 Nf6 5. d5 Nh5 6. Be3 e5 7. Nc3 d6 8. Bf2
f5 9. e4 g6 10. Bb5+ Bd7 11. Bxd7+ Nxd7 12. exf5 gxf5 13. Nh3 Rg8 14. g4 fxg4
15. fxg4 Nf4 16. Nxf4 exf4 17. Qe2+ Qe7 18. h3 O-O-O 19. Qxe7 Bxe7 20. O-O-O
Ne5 21. Rde1 b6 22. Ne4 Kd7 23. Rhf1 Rdf8 24. Re2 h5 25. gxh5 Rf5 26. Be1 f3
27. Re3 Rg2 28. b3 Bf8 29. Kd1 Bh6 30. Rc3 Rf4 31. Re3 b5 32. Bc3 Rf5 33. Ree1
b4 34. Bxe5 dxe5 35. Rf2 Rxf2 36. Nxf2 Kd6 37. c4 bxc3 38. Ne4+ Kxd5 39. Nxc3+
Ke6 40. Ne4 Rxh5 41. Nxc5+ Kf5 42. Nd7 Bf4 43. Nc5 Rxh3 44. Ne4 Rh2 45. a3 Ra2
0-1

[Event "X Festival A"]
[Site "Campobasso ITA"]
[Date "2003.07.12"]
[Round "3"]
[White "Petruccioli, Antonio"]
[Black "Takac, Zvonko"]
[Result "1/2-1/2"]
[WhiteElo "2076"]
[BlackElo "2157"]
[PlyCount "80"]
[EventDate "2003.07.11"]

1. e4 c5 2. Nf3 a6 3. c3 d5 4. e5 Bg4 5. h3 Bxf3 6. Qxf3 Nc6 7. Qg3 e6 8. Bd3
Nge7 9. O-O Ng6 10. f4 Be7 11. b3 O-O 12. Na3 b5 13. Bb2 Qa5 14. Nc2 Qb6 15.
Kh1 a5 16. Qe3 b4 17. g3 bxc3 18. dxc3 Rfb8 19. Rab1 a4 20. Ba3 Qa5 21. c4 axb3
22. axb3 Nd4 23. Bb2 Rxb3 24. Nxd4 cxd4 25. Bxd4 dxc4 26. Rxb3 cxb3 27. Bc4 b2
28. Bxb2 Qb4 29. Qe2 Rb8 30. Bd4 Rd8 31. Be3 Bc5 32. Bxc5 Qxc5 33. Bd3 Qc3 34.
Rd1 Rb8 35. Qc2 Qxc2 36. Bxc2 Ne7 37. Be4 g6 38. g4 Kf8 39. Kg2 Rb4 40. Rd8+
Kg7 1/2-1/2

[Event "X Festival A"]
[Site "Campobasso ITA"]
[Date "2003.07.12"]
[Round "3"]
[White "Pinto, Gaetano"]
[Black "Cordi', Domenico"]
[Result "1/2-1/2"]
[WhiteElo "1735"]
[BlackElo "1992"]
[PlyCount "105"]
[EventDate "2003.07.11"]

1. d4 Nf6 2. Nf3 g6 3. c4 Bg7 4. Nc3 d5 5. Qb3 dxc4 6. Qxc4 O-O 7. e4 Nbd7 8.
Be2 Nb6 9. Qd3 c6 10. O-O Be6 11. Qc2 h6 12. h3 Qc7 13. Nb5 Qc8 14. Na3 Rd8 15.
Be3 Nbd7 16. Rfd1 Nf8 17. Bf1 g5 18. Ne5 Ng6 19. Nxg6 fxg6 20. e5 Bf5 21. Bd3
Nd5 22. Rac1 Kh8 23. Qe2 Qd7 24. Nb1 Kh7 25. Bc4 Be6 26. Bb3 Rf8 27. Bxd5 Bxd5
28. Nc3 Rad8 29. Nxd5 Qxd5 30. b4 a6 31. a4 Qb3 32. b5 Qxa4 33. bxc6 bxc6 34.
Rc4 Qb5 35. Qc2 Rc8 36. Rb1 Qd5 37. Rc5 Qd7 38. Rb6 Qf5 39. Rxa6 Qxc2 40. Rxc2
c5 41. dxc5 Bxe5 42. Re6 Bf6 43. c6 Kg7 44. c7 Kf7 45. Rcc6 Ke8 46. Re4 Kd7 47.
Rec4 Ra8 48. Ba7 Rfc8 49. Bb8 Ra1+ 50. Rc1 Rxc1+ 51. Rxc1 Be5 52. Rd1+ Bd6 53.
Kf1 1/2-1/2

[Event "X Festival A"]
[Site "Campobasso ITA"]
[Date "2003.07.12"]
[Round "3"]
[White "Pizzuto, Samuele Tullio"]
[Black "Zimina, Olga"]
[Result "0-1"]
[WhiteElo "2136"]
[BlackElo "2367"]
[PlyCount "66"]
[EventDate "2003.07.11"]

1. f4 d5 2. Nf3 g6 3. d3 Bg7 4. g3 Nf6 5. Bg2 O-O 6. O-O b6 7. Qe1 Bb7 8. Ne5
Nbd7 9. c3 c5 10. d4 Rc8 11. e3 Ne4 12. Nd3 Qc7 13. Nd2 Ba6 14. Nf2 Bxf1 15.
Bxf1 Nxf2 16. Qxf2 e6 17. Nf3 Nf6 18. Bd3 Ne4 19. Qe2 f6 20. Bd2 Kh8 21. Rd1 e5
22. dxe5 fxe5 23. Bc2 Rce8 24. Qg2 Nxd2 25. Rxd2 exf4 26. exf4 Qe7 27. Rxd5
Qe3+ 28. Kf1 Qc1+ 29. Bd1 Re3 30. Ng5 Rfe8 31. Qh3 Re1+ 32. Kf2 Qe3+ 33. Kg2
Rg1# 0-1

[Event "X Festival A"]
[Site "Campobasso ITA"]
[Date "2003.07.12"]
[Round "3"]
[White "Stromboli, Ettore"]
[Black "Lettieri, Biagio"]
[Result "1-0"]
[WhiteElo "2155"]
[BlackElo "1819"]
[PlyCount "75"]
[EventDate "2003.07.11"]

1. e4 e5 2. Nf3 Nf6 3. d3 d6 4. c3 Bg4 5. Nbd2 Nc6 6. Be2 Be7 7. h3 Bh5 8. O-O
O-O 9. Re1 Bg6 10. Nf1 Nd7 11. Ng3 f5 12. exf5 Bxf5 13. Qb3+ Kh8 14. Nxf5 Rxf5
15. Qxb7 Na5 16. Qe4 Rf8 17. Be3 Nf6 18. Qa4 c5 19. Ng5 Qb6 20. b4 Nb7 21. bxc5
Nxc5 22. Bxc5 dxc5 23. Bf3 Rad8 24. Qc4 Nd5 25. Rxe5 Bxg5 26. Rxg5 Qb2 27. Rf1
Nxc3 28. Qxc5 Nxa2 29. Qxa7 Nc1 30. d4 Rg8 31. Qc7 Rc8 32. Qf4 Nd3 33. Qe3 Nb4
34. Be4 Rc3 35. Rh5 g6 36. Bxg6 Rc7 37. Qe5+ Rgg7 38. Rxh7+ 1-0

[Event "X Festival A"]
[Site "Campobasso ITA"]
[Date "2003.07.12"]
[Round "3"]
[White "Vincenzi, Marco"]
[Black "Grimaldi, Pasquale"]
[Result "1-0"]
[WhiteElo "2004"]
[BlackElo "1723"]
[PlyCount "89"]
[EventDate "2003.07.11"]

1. e4 e6 2. d4 d5 3. e5 c5 4. c3 Bd7 5. Nf3 Qb6 6. Bd3 Bb5 7. O-O Bxd3 8. Qxd3
c4 9. Qc2 Qc6 10. Ne1 f5 11. exf6 Nxf6 12. Bf4 Bd6 13. Bxd6 Qxd6 14. Nf3 Nbd7
15. Re1 O-O 16. Nbd2 Rae8 17. Ne5 Qc7 18. Ndf3 Nxe5 19. Nxe5 Nd7 20. Qa4 Nxe5
21. Rxe5 a6 22. Rf1 Re7 23. Qc2 g6 24. Rfe1 Qd7 25. Qe2 Rf6 26. Qe3 Kf7 27. Qh6
Ke8 28. h4 Rf5 29. h5 Rxh5 30. Rxh5 gxh5 31. Qxh5+ Kd8 32. Qe5 Qc7 33. Qg5 Kd7
34. f4 Qd8 35. Qf6 Qg8 36. f5 Qe8 37. Qe5 Qf7 38. f6 Re8 39. Re3 Rg8 40. Rf3 h6
41. b3 Rg5 42. Qb8 Kc6 43. Qc8+ Kb6 44. b4 Rf5 45. Qc5# 1-0

[Event "X Festival A"]
[Site "Campobasso ITA"]
[Date "2003.07.12"]
[Round "4"]
[White "Capuano, Eugenio"]
[Black "Di Lascio, Savino"]
[Result "1-0"]
[WhiteElo "2143"]
[BlackElo "2117"]
[PlyCount "37"]
[EventDate "2003.07.11"]

1. Nf3 d5 2. d4 g6 3. c4 Nf6 4. cxd5 Qxd5 5. Nc3 Qh5 6. e4 Bh6 7. Be2 Bxc1 8.
Rxc1 Qa5 9. O-O c6 10. Qd2 O-O 11. e5 Nh5 12. Qh6 f6 13. exf6 Nxf6 14. Bc4+ e6
15. Ng5 Qf5 16. Nce4 Rf7 17. Nd6 Ng4 18. Nxf5 Nxh6 19. Nxh6+ 1-0

[Event "X Festival A"]
[Site "Campobasso ITA"]
[Date "2003.07.12"]
[Round "4"]
[White "Ciampi, Vincenzo"]
[Black "Decataldo, Alba"]
[Result "1-0"]
[WhiteElo "2120"]
[BlackElo "1794"]
[PlyCount "109"]
[EventDate "2003.07.11"]

1. c4 c5 2. Nc3 e6 3. e4 Nc6 4. Nf3 d6 5. d4 cxd4 6. Nxd4 Nf6 7. Be2 d5 8. cxd5
exd5 9. Bb5 Qd6 10. exd5 Nxd5 11. Nxc6 bxc6 12. Qxd5 Qxd5 13. Nxd5 cxb5 14.
Nc7+ Kd7 15. Nxa8 Bb7 16. O-O Bxa8 17. Bf4 g5 18. Rad1+ Ke6 19. Rfe1+ Kf5 20.
Rd8 Bc6 21. Bd6 Bg7 22. Rxh8 Bxh8 23. b3 Bf6 24. Rc1 Bd5 25. Bb4 Ke6 26. Rc7
Bd4 27. Bc5 Bxc5 28. Rxc5 a6 29. f3 Kd6 30. Rc8 h5 31. Kf2 h4 32. Ke3 a5 33.
Rg8 f6 34. Rf8 Ke5 35. g3 hxg3 36. hxg3 a4 37. Rb8 axb3 38. axb3 Bxb3 39. Rxb5+
Bd5 40. f4+ gxf4+ 41. gxf4+ Ke6 42. Kd4 Bf3 43. f5+ Ke7 44. Rb6 Kf7 45. Ra6 Kg7
46. Ra3 Bd1 47. Kd5 Be2 48. Ra7+ Kh6 49. Ke6 Kg5 50. Rg7+ Kf4 51. Kxf6 Bd3 52.
Rg1 Be4 53. Rf1+ Kg4 54. Ke5 Bd3 55. f6 1-0

[Event "X Festival A"]
[Site "Campobasso ITA"]
[Date "2003.07.12"]
[Round "4"]
[White "Cordi', Domenico"]
[Black "Fioravanti, Emidio"]
[Result "1-0"]
[WhiteElo "1992"]
[BlackElo "1813"]
[PlyCount "97"]
[EventDate "2003.07.11"]

1. e4 c5 2. Nf3 d6 3. d4 cxd4 4. Nxd4 Nf6 5. Nc3 g6 6. Be3 Bg7 7. f3 O-O 8. Qd2
Nc6 9. Bc4 Ne5 10. Bb3 Qa5 11. O-O-O Bd7 12. Kb1 Rfc8 13. g4 Nc4 14. Bxc4 Rxc4
15. h4 Rac8 16. h5 Rxc3 17. Nb3 Qb4 18. bxc3 Rxc3 19. hxg6 hxg6 20. Bd4 Rc4 21.
Qxb4 Rxb4 22. c3 Ra4 23. Kb2 Be6 24. Rd2 b5 25. g5 Nh5 26. Bxg7 Kxg7 27. Rd4
Ra6 28. Rh4 f5 29. exf5 Bxf5 30. f4 e6 31. Rh2 Ng3 32. Nd2 e5 33. fxe5 dxe5 34.
Rd5 Be6 35. Rxe5 Rxa2+ 36. Kb1 Bf7 37. Re7 Ra4 38. Rf2 Nf5 39. Rb7 a6 40. Nb3
Rg4 41. Nd4 Rg1+ 42. Kc2 Nd6 43. Rd7 Rxg5 44. Rxd6 Ba2 45. Rxa6 Bc4 46. Kb2 Rg1
47. Nc6 Kg8 48. Ra8+ Kh7 49. Ra7+ 1-0

[Event "X Festival A"]
[Site "Campobasso ITA"]
[Date "2003.07.12"]
[Round "4"]
[White "De Rosa, Mariagrazia"]
[Black "Farina, Saverio"]
[Result "0-1"]
[WhiteElo "1828"]
[BlackElo "2123"]
[PlyCount "70"]
[EventDate "2003.07.11"]

1. e4 e6 2. d4 d5 3. e5 c5 4. c3 Qb6 5. Nf3 Nc6 6. a3 c4 7. Nbd2 f6 8. Be2 fxe5
9. Nxe5 Nxe5 10. dxe5 Bc5 11. O-O Ne7 12. b4 cxb3 13. Nxb3 O-O 14. Nxc5 Qxc5
15. Qc2 Nf5 16. Bd3 Bd7 17. Bb2 Rac8 18. a4 Rf7 19. Qe2 Qe7 20. c4 Bc6 21. Rfc1
Rd8 22. cxd5 Bxd5 23. Ra3 Qg5 24. f3 Nd4 25. Qf2 Nxf3+ 26. Kh1 Nxe5 27. Bxh7+
Kxh7 28. Rh3+ Kg8 29. Qe2 Bxg2+ 30. Qxg2 Qxg2+ 31. Kxg2 Rd2+ 32. Kh1 Rxb2 33.
Rc8+ Rf8 34. Rxf8+ Kxf8 35. Re3 Rxh2+ 0-1

[Event "X Festival A"]
[Site "Campobasso ITA"]
[Date "2003.07.12"]
[Round "4"]
[White "Di Carlo, Pasquale"]
[Black "Della Corte, Alessandro"]
[Result "0-1"]
[WhiteElo "1714"]
[BlackElo "2096"]
[PlyCount "66"]
[EventDate "2003.07.11"]

1. e4 c5 2. Nf3 Nc6 3. d4 cxd4 4. Nxd4 e5 5. Nb5 d6 6. Be2 Nf6 7. Bg5 Qa5+ 8.
N1c3 Nxe4 9. Be3 Nxc3 10. Nxc3 Be7 11. O-O O-O 12. Nd5 Qd8 13. Qd2 f5 14. Bc4
Kh8 15. f4 Bf6 16. Rad1 Be6 17. Bb3 Rc8 18. Nxf6 Rxf6 19. fxe5 Nxe5 20. Bg5
Qb6+ 21. Kh1 Rg6 22. Bxe6 Rxe6 23. Rxf5 Qxb2 24. Rdf1 h6 25. Qd5 Ree8 26. Bh4
Ng6 27. Bg3 Rc5 28. Qf7 Rf8 29. Qxf8+ Nxf8 30. Rxf8+ Kh7 31. Bxd6 Rxc2 32. R8f7
Qxa2 33. Rxb7 Qd5 0-1

[Event "X Festival A"]
[Site "Campobasso ITA"]
[Date "2003.07.12"]
[Round "4"]
[White "Di Giulio, Massimo"]
[Black "Fiore, Tommaso"]
[Result "1/2-1/2"]
[WhiteElo "1774"]
[BlackElo "1747"]
[PlyCount "110"]
[EventDate "2003.07.11"]

1. b3 e5 2. Bb2 Nc6 3. e3 d5 4. Bb5 Bd6 5. f4 Qe7 6. Nf3 f6 7. Nc3 Qf7 8. O-O
Bd7 9. Bxc6 Bxc6 10. fxe5 Be7 11. Qe2 f5 12. Nd4 Bd7 13. Qf3 O-O-O 14. Nxf5 Qg6
15. Nxe7+ Nxe7 16. Qf7 Qxc2 17. Qxe7 Qxb2 18. Nxd5 Kb8 19. Rac1 Rhe8 20. Qb4
Bc8 21. e4 Rxe5 22. Rxc7 Rexd5 23. Rxc8+ Kxc8 24. exd5 Qe5 25. Qc4+ Kb8 26. Qf4
Qxf4 27. Rxf4 Rxd5 28. Rf8+ Kc7 29. Rf7+ Kc6 30. Kf1 Rg5 31. h3 h5 32. Kf2 Rd5
33. Ke3 Re5+ 34. Kd3 Rg5 35. Rf2 b5 36. Kc3 a5 37. a3 Rc5+ 38. Kb2 Rg5 39. b4
axb4 40. axb4 Rg3 41. Kc2 g5 42. d3 Kd5 43. Kc3 h4 44. Re2 g4 45. hxg4 Rxg4 46.
Rf2 Rg3 47. Rf4 Rxg2 48. Rxh4 Rg3 49. Rh5+ Kc6 50. Re5 Rg2 51. Rc5+ Kb6 52. Rh5
Rg3 53. Rh4 Rf3 54. Kd4 Rg3 55. Ke4 Rg2 1/2-1/2

[Event "X Festival A"]
[Site "Campobasso ITA"]
[Date "2003.07.12"]
[Round "4"]
[White "Ferri, Stefano"]
[Black "Pinto, Gaetano"]
[Result "1-0"]
[WhiteElo "2069"]
[BlackElo "1735"]
[PlyCount "63"]
[EventDate "2003.07.11"]

1. c4 c6 2. e4 d5 3. exd5 cxd5 4. d4 Nf6 5. Nc3 Nc6 6. cxd5 Nxd5 7. Bb5 Nxc3 8.
bxc3 Bd7 9. Ne2 a6 10. Bd3 Bg4 11. O-O e6 12. Be3 Bd6 13. Qd2 Bh5 14. Rae1 Bg6
15. f4 Bxd3 16. Qxd3 O-O 17. Rf3 Qc7 18. Rh3 g6 19. Ng3 Be7 20. Ne4 Kg7 21. f5
exf5 22. Bh6+ Kg8 23. Ng3 Rfe8 24. Nxf5 Bf6 25. Rf1 Bh8 26. Bf4 Qd7 27. Nh6+
Kf8 28. Bd6+ Re7 29. Rxf7+ Ke8 30. Bxe7 Nxe7 31. Re3 Bf6 32. Rxf6 1-0

[Event "X Festival A"]
[Site "Campobasso ITA"]
[Date "2003.07.12"]
[Round "4"]
[White "Fioravanti, Diego"]
[Black "Gonzini, Gianmaria"]
[Result "1/2-1/2"]
[WhiteElo "1912"]
[BlackElo "1726"]
[PlyCount "91"]
[EventDate "2003.07.11"]

1. d4 b6 2. e4 e6 3. Bd3 Bb7 4. f3 c5 5. Ne2 Nc6 6. c3 cxd4 7. Nxd4 Nf6 8. Be3
Be7 9. Nd2 a6 10. Qe2 Ne5 11. Bc2 d5 12. Rd1 Qc7 13. O-O O-O 14. f4 Nc6 15. e5
Nxd4 16. Bxd4 Bc5 17. Rc1 Ne4 18. Nxe4 dxe4 19. Bxe4 Rfd8 20. Rfd1 Rac8 21. b4
Rxd4 22. cxd4 Bxd4+ 23. Kf1 Qxc1 24. Bxb7 Qxf4+ 25. Qf3 Qxf3+ 26. gxf3 Rd8 27.
Bxa6 Kf8 28. f4 Ke7 29. Ke2 Bc3 30. Rxd8 Kxd8 31. a3 Bb2 32. Bd3 Bxa3 33. b5 h6
34. Kf3 Ke7 35. Ke4 f5+ 36. exf6+ Kxf6 37. Bc4 Bd6 38. h3 Bc5 39. Bb3 Bd6 40.
Bc4 g6 41. Bb3 e5 42. fxe5+ Bxe5 43. Bd1 Bc7 44. Kf3 Bd6 45. Be2 Kg5 46. Bc4
1/2-1/2

[Event "X Festival A"]
[Site "Campobasso ITA"]
[Date "2003.07.12"]
[Round "4"]
[White "Grimaldi, Pasquale"]
[Black "Grasso, Nino"]
[Result "1-0"]
[WhiteElo "1723"]
[BlackElo "1804"]
[PlyCount "95"]
[EventDate "2003.07.11"]

1. Nf3 d5 2. b3 c5 3. Bb2 Nc6 4. e3 Bg4 5. Be2 e6 6. O-O Nf6 7. h3 Bh5 8. d4
Rc8 9. Nbd2 Bd6 10. dxc5 Bxc5 11. c4 O-O 12. Rc1 Be7 13. Nd4 Bg6 14. N2f3 Qb6
15. Nxc6 bxc6 16. Ne5 Be4 17. Bd3 Rfd8 18. Qc2 Bc5 19. Nf3 Bxe3 20. Bxf6 gxf6
21. Rce1 Bxd3 22. Qxd3 Bc5 23. Nh2 Qc7 24. Ng4 Qf4 25. g3 Qg5 26. Qf3 Kg7 27.
Kg2 h5 28. Ne3 d4 29. h4 Qg6 30. Nd1 Qg4 31. Qd3 e5 32. Re4 Qg6 33. Kh1 Re8 34.
Rfe1 Bd6 35. f4 f5 36. R4e2 Bb4 37. Rf1 e4 38. Qxd4+ Kg8 39. Ne3 Rcd8 40. Qxa7
Rd3 41. a3 Bd2 42. Qc5 Red8 43. Nxf5 e3 44. Ne7+ Kh7 45. Nxg6 fxg6 46. Qe7+ Kh6
47. Qg5+ Kh7 48. f5 1-0